000 01014nam0a22002651 4500
001 rc\3772017
005 20250530044432.0
021 _aRU
_b[75-22068]
035 _a(NLR Aleph) 007226181
090 _a7712913
_c7712913
100 _a20120127d1975 |||y0rusy50 ca
101 0 _arus
102 _aRU
105 _aa z |||||
200 1 _aТочность и надежность технологических процессов в полиграфии
_eОсновные понятия и определения
_eПримеры расчета
210 _aМосква
_cКнига
_d1975
215 _a99 с.
_cчерт.
_d20
320 _aСписок лит.: с. 97-38 (36 назв.)
606 _aПолиграфическое производство
_xМатематические исследования
_2psbo
700 1 _aБатюшко
_bА.Л.
_gАнатолий Львович
801 0 _aRU
_bNLR
_gpsbo
801 1 _aRU
_bELAR
_2rusmarc
852 _aNLR
_j75-4/3391
942 _cBOOK
980 _aNB